000 00643nam a2200229 a 4500
001 BRCA_5808
005 20190320205224.0
008 100311s1949----fr-a######---#000-0#fre-#
041 _afre
044 _afr
050 4 _aND673.B7
_b.M53 1949
100 1 _aMichel, Edouard
_914052
245 1 0 _aPierre Bruegel le vieux
_cEdouard Michel.
260 _aParís
_bBraun
_c1949
300 _a1 v. (sin paginación)
_bil., 60 láminas
_c16 cm.
440 0 _aCollection ´Les Maitres´
_914718
500 _aG18
600 1 4 _aBruegel, Pieter
_cEl viejo
_d1525-1569
_913436
650 1 4 _aPintores flamencos
_97571
902 _aGFM
942 _2lcc
_cB
999 _c5497
_d5497